| 000 | 01094nam a22003257a 4500 | ||
|---|---|---|---|
| 001 | BR0600415 | ||
| 003 | BR-BrBNA | ||
| 005 | 20230928102049.0 | ||
| 007 | ta | ||
| 008 | 230509b bl.||||| |||| 00| 0 por d | ||
| 040 |
_aBR-BrBNA _bpor _cBiblioteca Nacional de Agricultura |
||
| 041 | _a(Por) | ||
| 072 | _aT01; P32 | ||
| 090 | _ T01 BR0600415 | ||
| 100 | 1 | _aSuárez, C.A. | |
| 110 | 1 |
_aCentro de Energia Nuclear na Agricultura, Piracicaba, SP (Brasil) _0Tese (Mestre em Ciências) |
|
| 245 | 1 | _aHifenação de um sistema de eletroforese capilar com fonte de plasma indutivamente acoplada para determinação das espécies As(III)e As(V)por espectrometria de emissão ótica ou de massas | |
| 260 | 3 |
_aPiracicaba, SP (Brasil): _c2005. |
|
| 300 | _a89 p. | ||
| 500 | _aSummaries (Eng, Por); Bibliography p. 81-89; 5 tables; 28 illus. | ||
| 650 | _aMEIO AMBIENTE | ||
| 650 | _aARSÊNIO | ||
| 650 | _aESPECTROMETRIA | ||
| 650 | _aSOLO | ||
| 650 | _aROCHA | ||
| 650 | _aMINERALIZAÇÃO | ||
| 650 | _aIMPACTO AMBIENTAL | ||
| 909 |
_a202309 _bLucia _c55 _dLucia Elande |
||
| 942 | _cBK | ||
| 999 |
_c68965 _d68965 |
||